| 000 | 00982cam a2200337 i 4500 | ||
|---|---|---|---|
| 001 | 200463181 | ||
| 003 | TR-AnTOB | ||
| 005 | 20241211140153.0 | ||
| 007 | ta | ||
| 008 | 140407s2013 tu d 001 0 tur d | ||
| 020 | _a9786055213398 | ||
| 020 | _a6055213397 | ||
| 040 |
_aTVG _beng _erda _cTVG _dOCLCO _dOCLCF _dBGZ _dTR-AnTOB |
||
| 041 | 0 | _atur | |
| 050 | 1 | 4 |
_aPL121 _b.D465735 2013 |
| 090 |
_aPL121 _b.D465735 2013 |
||
| 100 | 1 |
_aDemirci, Kerim _977053 _eauthor |
|
| 245 | 1 | 0 |
_aTürkoloji için dilbilim : _bkonular kavramlar teoriler / _cKerim Demirci. |
| 246 | 3 | 0 | _aDilbilim |
| 250 | _a1. Baskı. | ||
| 264 | 1 |
_aAnkara : _bAnı Yayıncılık, _c2013. |
|
| 300 |
_axiii, 210 pages ; _c23 cm |
||
| 336 |
_atext _btxt _2rdacontent |
||
| 337 |
_aunmediated _bn _2rdamedia |
||
| 338 |
_avolume _bnc _2rdacarrier |
||
| 504 | _aBIBINDX | ||
| 650 | 7 |
_aDilbilim _925592 _2etuturkob |
|
| 650 | 7 |
_aDil ve diller _920937 _2etuturkob |
|
| 942 |
_2lcc _cBK |
||
| 999 |
_c200463181 _d81393 |
||